E-commerce firms flock to telehotels (Record no. 64830)

MARC details
000 -LEADER
fixed length control field 00631cam a2200181 4500
001 - CONTROL NUMBER
control field WB3639-23
008 - FIXED-LENGTH DATA ELEMENTS--GENERAL INFORMATION
fixed length control field 000000n2000 000 0 eng u
035 ## - SYSTEM CONTROL NUMBER
System control number (Sirsi) u108602
245 ## - TITLE STATEMENT
Title E-commerce firms flock to telehotels
260 ## - PUBLICATION, DISTRIBUTION, ETC.
Date of publication, distribution, etc. 2000
490 ## - SERIES STATEMENT
Series statement Sunday Times
Volume/sequential designation 1 October 2000, 39(2)
520 ## - SUMMARY, ETC.
Summary, etc. Describes how telehotels were set up and how they are now a booming sector as more companies embrace the net and need to avoid systems breakdown - a security provided by telehotels.
590 ## - LOCAL NOTE (RLIN)
Local note WB
650 ## - SUBJECT ADDED ENTRY--TOPICAL TERM
Topical term or geographic name entry element TELEHOTELS
650 ## - SUBJECT ADDED ENTRY--TOPICAL TERM
Topical term or geographic name entry element INTERNET HOTELS
690 ## - LOCAL SUBJECT ADDED ENTRY--TOPICAL TERM (OCLC, RLIN)
Topical term or geographic name as entry element INFORMATION TECHNOLOGY-INTERNET
942 ## - ADDED ENTRY ELEMENTS (KOHA)
Suppress in OPAC 0
Holdings
Withdrawn status Lost status Source of classification or shelving scheme Damaged status Not for loan Home library Current library Shelving location Date acquired Total Checkouts Full call number Barcode Date last seen Copy number Price effective from Koha item type
    Dewey Decimal Classification     London London News article 03/10/2000   WB3639-23 108602-1001 06/08/2019 1 06/08/2019 News article